Jam every day / (Record no. 8608)
[ view plain ]
| 000 -LEADER | |
|---|---|
| fixed length control field | 00583nam a22002413 4500 |
| 001 - CONTROL NUMBER | |
| JCCL Control Number | 8608 |
| 003 - CONTROL NUMBER IDENTIFIER | |
| JCCL marc code | BD - JhCC |
| 005 - DATE AND TIME OF LATEST TRANSACTION | |
| control field | 20180920094812.0 |
| 008 - FIXED-LENGTH DATA ELEMENTS--GENERAL INFORMATION | |
| fixed length control field | 970128s1957 enk j 000 1 eng d |
| 035 ## - SYSTEM CONTROL NUMBER | |
| system control number | (BD - JhCC)8608 |
| 040 ## - CATALOGING SOURCE | |
| Original cataloging agency | EQO |
| Transcribing agency | EQO |
| Modifying agency | BD-JhCC |
| 041 ## - LANGUAGE CODE | |
| Language code of Book | eng |
| 082 ## - DEWEY DECIMAL CLASSIFICATION NUMBER | |
| Author mark and Year | SMI 1957 |
| Classification number | 823.06 |
| 100 1# - MAIN ENTRY--PERSONAL NAME | |
| Personal name | Smith, Madge S., |
| Dates associated with a name | 1880-1973. |
| 245 10 - TITLE STATEMENT | |
| Title | Jam every day / |
| Statement of responsibility, etc | Madge S. Smith, |
| 260 ## - PUBLICATION, DISTRIBUTION, ETC. (IMPRINT) | |
| Place of publication, distribution, etc | Lond. &c., |
| Date of publication, distribution, etc | 1957. |
| 300 ## - PHYSICAL DESCRIPTION | |
| Pagination | 206 p. : |
| Dimensions | 18 cm. |
| 490 1# - SERIES STATEMENT | |
| Series statement | Sceptre libr. |
| 650 ## - SUBJECT ADDED ENTRY--TOPICAL TERM | |
| Topical term or geographic name as entry element | Novle |
| 830 #0 - SERIES ADDED ENTRY--UNIFORM TITLE | |
| Uniform title | Sceptre libr. |
| 942 ## - ADDED ENTRY ELEMENTS (KOHA) | |
| Source of classification or shelving scheme | Dewey Decimal Classification |
| Koha item type | Books |
| Source of classification or shelving scheme | Damaged status | Not for loan | Home library | Current library | Shelving location | Total Checkouts | Full call number | Barcode | Date last seen | Copy number | Koha item type |
|---|---|---|---|---|---|---|---|---|---|---|---|
| Dewey Decimal Classification | JCC Rouf Library | JCC Rouf Library | General Stacks | 823.06 SMI 1957 | 9316 | 02/28/2018 | C - 1 | Books |